| 000 | 00494nam a22001457a 4500 | ||
|---|---|---|---|
| 005 | 20120319132414.0 | ||
| 020 |
_a817058079X _c30.00 |
||
| 035 | _aB-88297 | ||
| 037 |
_aDPL _bENG |
||
| 245 | _aSri Aurobindo the story of his life / | ||
| 260 |
_aPondicherry _bSri Aurobindo Ashram _c2004 |
||
| 300 |
_a95p. _c20 cms. |
||
| 942 |
_2ddc _cEN _h181.499 _mSRI |
||
| 999 |
_c64147 _d64147 |
||